Doki Doki Literature Club - Statistics

General Stats
  • This quiz has been taken 551 times
  • The average score is 11 of 18
Answer Stats
Hint Answer % Correct
Just Hanging Around Sayori
98%
Who Becomes self aware after Monika Sayori
98%
Daddy Issues Natsuki
96%
A Cut above the rest Yuri
96%
10min python tutorial Monika
93%
Get out of my Head
77%
Natsuki's Manga is kept in the Closet
63%
What day does Yuri Confess her love for you? Friday
60%
What day is the festival? Monday
60%
What day does Sayori Confess her love to you? Sunday
57%
Guy that thought of the idea to make the game Dan Salvato
56%
What file do you need to delete to get the true ending Monika.chr
49%
Company that made the game Team Salvato
48%
Yuri's creepy book Portrait of Markov
37%
Horses can fly, People can try... But thats about it
35%
Monika's Catchphrase Okay everyone
32%
Name of Sayoris first poem? Dear Sunshine
20%
What is Yuri's Submission poem called Afterimage of the Crimson eye
5%
No matching quizzes found
Score Distribution
Percent of People with Each Score
Percentile by Number Answered
Your Score History
You have not taken this quiz